000 01196nam a22004097a 4500
001 BR0706505
003 BR-BrBNA
005 20230928102557.0
007 ta
008 230509b bl.||||| |||| 00| 0 por d
040 _aBR-BrBNA
_bpor
_cBiblioteca Nacional de Agricultura
041 _a(Por)
072 _aF01; E16; E70
_b1120
090 _ 1120 BR0706505
100 1 _aRozane, D.E.
100 1 _aDarezzo, R.J.
100 1 _aAguiar, R.L.
100 1 _aAguilera, G.H.A.
100 1 _aZambolim, L.
110 1 _aUniversidade Federal de Viçosa, MG (Brasil)
245 1 _aManga; produção integrada, industrialização e comercialização
260 3 _aViçosa, MG (Brasil):
_c2004.
300 _a604 p.
500 _aSeveral bibliography; 82 illus.; 54 tables
650 _aMANGA
650 _aMELHORAMENTO GENÉTICO VEGETAL
650 _aCULTIVO INTERCALADO
650 _aPRÁTICA CULTURAL
650 _aNUTRIÇÃO VEGETAL
650 _aTRATAMENTO FITOSSANITÁRIO
650 _aSEGURANÇA ALIMENTAR
650 _aINDUSTRIALIZAÇÃO
650 _aCOMERCIALIZAÇÃO
650 _aECONOMIA DA PRODUÇÃO
909 _a202309
_bLucia
_c55
_dLucia Elande
942 _cBK
999 _c71494
_d71494